|
|
|
|
| LEADER |
00000nab a2200000 a 4500 |
| 001 |
vtls000344099 |
| 003 |
SK-MaSNL |
| 005 |
20260303211733.0 |
| 008 |
111201c1989 xo 0 slo |
| 015 |
|
|
|a SNBRB19rr/mm-uuuuu
|
| 035 |
|
|
|a CL0344221
|
| 040 |
|
|
|a SNKBUCL
|b slo
|c SNKBUCL
|e AACR2
|
| 041 |
0 |
|
|a slo
|
| 044 |
|
|
|a xo
|c SK
|
| 080 |
|
|
|a 7.096
|2 1981
|
| 100 |
1 |
|
|a Bobok, Jozef,
|d 1924-2004
|4 aut
|9 104720
|
| 245 |
1 |
0 |
|a O etike funkcionára
|b Na okraj rozhlasovej hry Jána Vdovjáka
|c Jozef Bobok
|
| 500 |
|
|
|a Réža L. Hyža
|
| 600 |
1 |
7 |
|a Vdovják, Ján,
|d 1928-2007
|2 snkbucl
|9 18521
|
| 610 |
2 |
7 |
|a Československý rozhlas.
|b Štúdio Banská Bystrica
|2 snkbucl
|9 232356
|
| 655 |
|
7 |
|a články z novín a časopisov
|2 snkbucl
|9 267496
|
| 773 |
0 |
|
|t Práca
|g Roč. 44, č. 39 (15. 2. 1989), s. 6
|
| 850 |
|
|
|a Slovenská národná knižnica v Martine
|a MTA001
|
| 852 |
|
|
|a SNK
|b KIS3GCP
|
| 958 |
|
|
|a RK
|
| 992 |
|
|
|a RBX
|
| 999 |
|
|
|c 2203952
|d 2205882
|